Marvel Picture Find: Avengers Quiz Stats

 Plays Quiz Updated May 4, 2016

Score 0/71 Timer 10:00
16 Plays Today
% Correct
Thor
97%
Hulk
95.8%
Iron
Man
94%
Spider-Man
93.2%
Captain
America
92.8%
Wolverine
89.3%
Thing
85.1%
Loki
84.2%
Black
Widow
83.3%
Dr. Strange
82.8%
Ant
Man
82.7%
Hawkeye
82.1%
Black
Panther
81.4%
Wasp
79.9%
Human
Torch
79.8%
Thanos
78.7%
Storm
78.7%
War
Machine
77.8%
Beast
75.6%
Daredevil
74.7%
Red Hulk
74.6%
Scarlet
Witch
72.9%
Invisible
Woman
71.9%
Mr.
Fantastic
70.9%
She Hulk
70.3%
Ms. Marvel
69%
Quicksilver
67.2%
Falcon
65.6%
Venom
65.2%
Rogue
62.6%
Iron Fist
62%
Ultron
59.1%
Vision
58.9%
Captain
Britain
57.1%
Luke Cage
56.4%
Spider-Woman
54.2%
% Correct
Nova
52.6%
Moon Knight
50.8%
Captain Marvel
50%
Hercules
49.8%
Namor
46.3%
Egghead
42.2%
Tigra
41.4%
Taskmaster
39.8%
Wonder
Man
39.6%
Havok
39.6%
Baron
Zemo
38.5%
Kang
35.3%
Firestar
35%
Black Knight
34.8%
Valkyrie
34.7%
Sentry
33.9%
Ares
32.4%
U.S. Agent
30.8%
Sunspot
30.4%
Mockingbird
30%
Cannonball
25.6%
Sunfire
24.8%
Swordsman
23.8%
Radioactive
Man
20.8%
3-D Man
20.5%
Two-Gun
Kid
20.4%
Hellcat
19.6%
Quasar
19.4%
Jack of Hearts
19.3%
Crystal
18.4%
Machine
Man
16.8%
Darkhawk
16.6%
Shang-Chi
16.1%
Rage
14.9%
Sersi
14.3%

You're not logged in!

Compare scores with friends on all Sporcle quizzes.
OR
Log In

Show Comments

Extras

Top Quizzes Today


Score Distribution

Your Account Isn't Verified!

In order to create a playlist on Sporcle, you need to verify the email address you used during registration. Go to your Sporcle Settings to finish the process.

Report this User

Report this user for behavior that violates our Community Guidelines.

Details: